00561nam a22001457a 450000500170000000800410001704100130005808200140007110000260008524501650011125000200027626000610029630000330035765000250039020231117061636.0231117b |||||||| |||| 00| 0 eng d aEnglish  a343.9 BIN aBingham, L lEnglish  aMotor Claims Cases Being A Digest of Fully Annotated Cases Connected With Motor Claims : bTogether with the relevant statutory matter and tables / cL Bingham  aFourth Edition  aLondon :bButterworth and Company Publishers Ltd, c1960 bxlvii, 775 pages ; c26 cm.  aLegal practice bLaw